Lana Del Rey- Arcadia (All Lyrics) - Statistics

General Stats
  • This quiz has been taken 157 times
  • The average score is 210 of 309
Answer Stats
Lyrics % Correct
a
100%
I
100%
My
94%
my
94%
of
94%
to
93%
you,
93%
you
93%
Arcadia,
92%
Arcadia
92%
is
92%
the
92%
LA
91%
an
89%
like
89%
body
88%
In
88%
map
87%
me
87%
That
86%
that
86%
that,
86%
All
82%
all
82%
straight
80%
angel
78%
Hotel
78%
your
78%
roads
77%
lead
76%
with
76%
heart
74%
America,
72%
America
72%
as
71%
Hilton
71%
stand
71%
way
70%
way,
70%
and
68%
And
68%
at
68%
go"
68%
halo
68%
Land
67%
land
67%
I'm
66%
Rover
65%
hands
64%
hips,
64%
baby,
63%
can
63%
on
63%
need
62%
over
62%
By
60%
can't
60%
Findin'
59%
blood
58%
girl
58%
Hangin'
58%
little
58%
arteries
57%
let's
57%
miracle
57%
miracle,
57%
chest,
56%
not
56%
Sierra
56%
fingertips
55%
lost
55%
every
54%
Run
54%
sleep
54%
Toyota
54%
trace
54%
hate
53%
so
53%
So
53%
tonight,
53%
hill,
52%
Screamin',
52%
high
51%
home
51%
send
51%
from
50%
Madre
50%
"Hey,
49%
out
49%
know
48%
you're
48%
but
47%
But
47%
pump
47%
window
47%
Or
46%
stay
45%
lips
44%
here
43%
paper,
43%
They
43%
they
43%
byway
42%
flows
42%
native,
42%
come
41%
cross
39%
If
36%
day
35%
think
35%
curves,
34%
up
34%
bay
33%
for
33%
San
33%
Lay
32%
leavin'
31%
palms,
31%
down
30%
pray
30%
this
30%
was,
30%
built
29%
Gabriel
29%
I'll
29%
three-
29%
just
28%
feet
27%
fire
27%
licks
27%
hundred
26%
five-
24%
tall
24%
yourself,
24%
thanks
23%
you'll
23%
eight,
22%
foot-
22%
get
21%
nothing
21%
Plus
21%
flowing
20%
them
20%
tear
19%
gave
18%
laughter,
18%
town
17%
Western
17%
intergral
6%
belt
4%
No matching quizzes found
Score Distribution
Percent of People with Each Score
Percentile by Number Answered
Your Score History
You have not taken this quiz